Dūsarī bāra / (Record no. 80830)

MARC details
000 -LEADER
fixed length control field 00578cam a2200217 a 4500
001 - CONTROL NUMBER
control field sa 68005633
003 - CONTROL NUMBER IDENTIFIER
control field DLC
005 - DATE AND TIME OF LATEST TRANSACTION
control field 20260227112510.0
008 - FIXED-LENGTH DATA ELEMENTS--GENERAL INFORMATION
fixed length control field 881102s1968 ii 000 f hino
010 ## - LIBRARY OF CONGRESS CONTROL NUMBER
LC control number sa 68005633
035 ## - SYSTEM CONTROL NUMBER
System control number (OCoLC)23569495
040 ## - CATALOGING SOURCE
Original cataloging agency DLC
Transcribing agency DLC
050 00 - LIBRARY OF CONGRESS CALL NUMBER
Classification number PK2098.42.A615
Item number D8 1968
100 1# - MAIN ENTRY--PERSONAL NAME
Personal name Varmā, Śrīkānta,
Dates associated with a name 1931-1986.
245 10 - TITLE STATEMENT
Title Dūsarī bāra /
Statement of responsibility, etc. Śrīkānta Varmā.
250 ## - EDITION STATEMENT
Edition statement 1. saṃskaraṇa.
260 ## - PUBLICATION, DISTRIBUTION, ETC.
Place of publication, distribution, etc. Dillī :
Name of publisher, distributor, etc. Akshara Prakāśana,
Date of publication, distribution, etc. 1968.
300 ## - PHYSICAL DESCRIPTION
Extent 132 p. ;
Dimensions 19 cm.
500 ## - GENERAL NOTE
General note Novel.
546 ## - LANGUAGE NOTE
Language note In Hindi.

No items available.

Powered by Koha